000 00471cam a22001934a 4500
005 20250605164300.0
008 250528s ||||||||||||||||||||||||d
035 _a22033
020 _a9780273638285
040 _aGR-AtMCL
_bgre
_dGR-AtMCL
_eAACR2
245 1 _aQUANTITATIVE APPROACHES IN BUSINESS STUDIES
250 _a5
260 _bPrentice Hall,
_c2000
300 _a485
700 1 _aMorris Clare
_9961
942 _cBK
999 _c7089
_d7089